000 00845nam a2200277 i 4500
001 bg
100 1 _aGABASSI, Michel
245 1 0 _aPrzetwarzanie rozproszone w systemie UNIX /
_cMichel Gabassi, Bertrand Dupouy ; z fr. tł. Grzegorz Karpiński.
246 _iTyt. oryg.:
_aL'informatique répartie sous UNIX
260 _aWarszawa :
_bLupus,
_c1995.
300 _a412, [1] s. :
_brys. ;
_c24 cm.
500 _aOryg.: " L'informatique répartie sous UNIX", 1992.
504 _aIndeks.
630 0 9 _aUNIX
650 9 _aSieć komputerowa
655 _aPodręczniki
700 1 _aDUPOUY, Bertrand
700 1 _aKARPIŃSKI, Grzegorz.
_eTł.
020 _a8385545344
040 _cBPK
041 1 _apl
_hfrfr
080 _a68.322.066UNIX:681.324
920 _a83-85545-34-4
942 _cKS
008 s pl f |000 0 pol
999 _c6824
_d6824